000 00438nam a22001697a 4500
005 20160517094929.0
008 160517b xxu||||| |||| 00| 0 eng d
020 _a0-07-466270-3
041 _aeng
082 _b2457
100 _aDavid and Newstrom
_9669
245 _aHuman Behaviour At work Organizational Behaviour
260 _aNew Delhi
_bMc Graw Hill Companies,
_c1987
300 _a568
650 _aManagement
_9241
942 _cBK
999 _c885
_d885